[Event "Hoogovens"]
[Site "Wijk aan Zee"]
[Date "1971.??.??"]
[Round "3"]
[White "Gligoric, Svetozar"]
[Black "Van den Berg, Carel Benjamin"]
[Result "1-0"]
[WhiteElo "2600"]
[BlackElo "2450"]

1.d4 Nf6 2.c4 e6 3.Nc3 Bb4 4.e3 O-O 5.Bd3 d5 6.Nf3 b6 7.O-O Bb7 8.a3 Bd6
9.b4 dxc4 10.Bxc4 Nbd7 11.Bb2 a5 12.bxa5 Rxa5 13.Nb5 Be7 14.a4 Ne4 15.Bd3 Nd6
16.Qe2 Nf6 17.Rfc1 Nxb5 18.Bxb5 c5 19.Ne5 Qd5 20.f3 cxd4 21.Bxd4 Bc5 22.Bxc5 bxc5
23.Qb2  1-0

[Event "Hoogovens"]
[Site "Wijk aan Zee"]
[Date "1971.??.??"]
[Round "6"]
[White "Kortschnoj, Viktor"]
[Black "Olafsson, Fridrik"]
[Result "1-0"]
[WhiteElo "2660"]
[BlackElo "2570"]

1.c4 Nf6 2.Nc3 g6 3.e4 d6 4.d4 Bg7 5.f3 e5 6.Nge2 O-O 7.Bg5 c6 8.Qd2 exd4
9.Nxd4 Nbd7 10.O-O-O Qb6 11.Nc2 Nc5 12.Be3 Be6 13.b4 Rfd8 14.Be2 Qc7 15.bxc5 dxc5
16.Qe1 b5 17.Rxd8+ Rxd8 18.cxb5 cxb5 19.Bxb5 Qb6 20.Qg3 Rc8 21.Rd1 a6 22.Rd6 Qa5
23.Na3 c4 24.Rxe6 fxe6 25.Qd6 Kh8 26.Qxe6 Rb8 27.Qd6 Re8 28.Bxc4 Nh5 29.Bb3 Rc8
30.Nc4 Qb5 31.Qd5 Qb8 32.Nd6  1-0

[Event "Hoogovens"]
[Site "Wijk aan Zee"]
[Date "1971.??.??"]
[Round "8"]
[White "Huebner, Robert"]
[Black "Mecking, Henrique"]
[Result "0-1"]
[WhiteElo "2590"]
[BlackElo "2550"]

1.e4 g6 2.d4 Bg7 3.Nf3 d6 4.Bc4 Nf6 5.Qe2 c6 6.Bb3 O-O 7.O-O Bg4 8.h3 Bxf3
9.Qxf3 Nbd7 10.c3 e5 11.Bg5 Qa5 12.Be3 d5 13.Nd2 Nxe4 14.Nxe4 exd4 15.Bxd4 Bxd4
16.cxd4 dxe4 17.Qxe4 Rae8 18.Qf4 Qb4 19.Rac1 Re2 20.Rc3 Nb6 21.Rf3 Nd5 22.Bxd5 cxd5
23.Rb3 Qe7 24.Rc1 Re1+ 25.Rxe1 Qxe1+ 26.Kh2 Qe7 27.Rc3 Rd8 28.g3 Rd6 29.Qe5 Qd8
30.Kg2 Rc6 31.Rxc6 bxc6 32.b3 Qb6 33.g4 h6 34.Qe3 Kg7 35.h4 Qb4 36.Kf3 Qb6
37.Qe5+ Kg8 38.h5 gxh5 39.gxh5 Qd8 40.Kg3 Qd7 41.Qf6 Kh7 42.f3 Qe8 43.Kf2 Qd7
44.Ke3 Qe8+ 45.Kd3 Qd7 46.Ke2 Qe8+ 47.Kf1 Qd7 48.Kf2 Qe8 49.Qd6 Qc8 50.Qe7 Qf5
51.Qxa7 Qxh5 52.Qc7 Qh4+ 53.Ke2 Kg7 54.Qe5+ f6 55.Qe3 Qh2+ 56.Qf2 Qb8 57.Kf1 Qb4
58.Qg1+ Kf7 59.Qe3 h5 60.Kg2 c5 61.dxc5 d4 62.Qe4 Qxc5 63.a4 Qg5+ 64.Kf1 Qc1+
65.Kg2 Qd2+ 66.Kh3 d3 67.Qd5+ Kg6 68.Qe4+ Kg5 69.Qh4+ Kg6 70.Qe4+ Kh6 71.Qd4 Kg7
72.Qd7+ Kg6 73.Qe8+ Kg5 74.Qb5+ Kf4 75.Qc6 Qe1 76.Qxf6+ Ke3 77.Qe5+ Kf2 78.Qh2+ Kxf3
79.Qg2+ Kf4 80.Qh2+ Kf5 81.Qd6 Qf1+ 82.Kg3 h4+  0-1

[Event "Hoogovens"]
[Site "Wijk aan Zee"]
[Date "1971.??.??"]
[Round "8"]
[White "Donner, Jan Hein"]
[Black "Ivkov, Borislav"]
[Result "0-1"]
[WhiteElo "2500"]
[BlackElo "2570"]

1.d4 d6 2.c4 g6 3.Nc3 Bg7 4.e4 e5 5.Be3 exd4 6.Bxd4 Nf6 7.f3 Nc6 8.Be3 O-O
9.Nge2 Ne5 10.Nf4 c6 11.Qb3 Nfd7 12.Rd1 Qe7 13.Be2 Nc5 14.Qc2 f5 15.b4 fxe4
16.bxc5 exf3 17.cxd6 Qe8 18.gxf3 Nxf3+ 19.Kf2 Ng5 20.h4 Ne6 21.Kg3 Nxf4 22.Bxf4 Rxf4
23.Kxf4 Bf5 24.Bd3 Qe5+ 25.Kf3 Bg4+ 26.Kxg4 Qh5+ 27.Kg3 Be5+ 28.Kf2 Rf8+
29.Bf5 Rxf5+ 30.Ke3 Qf3+ 31.Kd2 Bf4+ 32.Ke1 Bg3+ 33.Kd2 Bf4+ 34.Ke1 Qxh1+
35.Ke2 Qg2+ 36.Kd3 Qf3+  0-1

[Event "Hoogovens"]
[Site "Wijk aan Zee"]
[Date "1971.??.??"]
[Round "9"]
[White "Lengyel, Levente"]
[Black "Donner, Jan Hein"]
[Result "0-1"]
[WhiteElo "2490"]
[BlackElo "2500"]

1.c4 Nf6 2.Nc3 g6 3.g3 Bg7 4.Bg2 O-O 5.d4 d6 6.Nf3 Nc6 7.O-O a6 8.h3 Rb8
9.Be3 b5 10.Nd2 Bd7 11.Rc1 Na5 12.b3 bxc4 13.bxc4 Rb2 14.Rc2 Rb4 15.Qc1 Qb8
16.Qa3 Nxc4 17.Nxc4 Rxc4 18.Rb2 Qd8 19.Rb3 c6 20.Qxa6 d5 21.Na4 Bc8 22.Qa7 Nd7
23.Rd1 Re8 24.Bf4 e6 25.Bf1 g5 26.Bd6 e5 27.dxe5 Bxe5 28.Bxe5 Nxe5 29.Nb6 Rc2
30.Nxc8 Qxc8 31.Rdb1 Qf5 32.Rb8 Rxb8 33.Qxb8+ Kg7 34.Qb3 d4 35.g4 Qe4 36.Rb2 Rc1
37.Qg3 c5 38.Qg2 Qxg2+ 39.Kxg2 c4 40.Rb5 Ng6 41.Rxg5 c3 42.e3 c2 43.Rc5 Nh4+
44.Kg3 Rxf1 45.Rxc2 Ng6 46.exd4 Rd1 47.Rc4 Rd3+ 48.f3 Ra3 49.Rc2 Ne7 50.h4 h6
51.Kf4 Nd5+ 52.Ke5 Nb4 53.Rc4 Nd3+ 54.Kd6 Rxa2 55.Rc3 Nf4 56.h5 Re2 57.Ra3 Re6+
58.Kc5 Re1 59.Kb4 Rd1 60.Kc4 Rc1+ 61.Kb4 Nd5+ 62.Kb5 Nf4 63.Kb4 Rd1 64.Kc4 Kf6
65.Ra5 Ne6 66.Rf5+ Ke7 67.d5 Ng7 68.Rf4 f5 69.gxf5 Kf6 70.Rg4 Nxf5 71.Rg6+ Ke5
72.Re6+ Kf4 73.Kc5 Kxf3 74.Rg6 Kf4 75.Re6 Kg4 76.Re5 Rh1 77.Kc6 Rxh5  0-1

[Event "Hoogovens"]
[Site "Wijk aan Zee"]
[Date "1971.??.??"]
[Round "10"]
[White "Donner, Jan Hein"]
[Black "Ree, Hans"]
[Result "1-0"]
[WhiteElo "2500"]
[BlackElo "2420"]

1.c4 g6 2.g3 Bg7 3.Bg2 c5 4.Nc3 Nc6 5.e3 e6 6.Nge2 Nge7 7.O-O O-O 8.d4 cxd4
9.Nxd4 Nxd4 10.exd4 d5 11.cxd5 Nxd5 12.Nxd5 exd5 13.Bf4 Qb6 14.Be5 Qxb2 15.Bxg7 Kxg7
16.Bxd5 Bf5 17.Bg2 Rad8 18.d5 Rfe8 19.Qa4 a6 20.Rad1 Re2 21.Bf3 Rc2 22.g4 Bd7
23.Qf4 Qf6 24.Qg3 Rxa2 25.Be4 Re8 26.Rfe1 Ra4 27.f3 Ra2 28.Kh1 b5 29.Rc1 b4
30.Rc7 Rd8 31.g5 Qd4 32.Qd6 Bh3 33.Rxf7+ Kxf7 34.Bxg6+  1-0

[Event "Hoogovens"]
[Site "Wijk aan Zee"]
[Date "1971.??.??"]
[Round "10"]
[White "Lengyel, Levente"]
[Black "Najdorf, Miguel"]
[Result "1/2-1/2"]
[WhiteElo "2490"]
[BlackElo "2560"]

1.c4 Nf6 2.Nc3 g6 3.g3 Bg7 4.Bg2 O-O 5.d4 d6 6.Nf3 Nbd7 7.O-O e5 8.e4 c6
9.h3 Qb6 10.Re1 Re8 11.d5 Nc5 12.Rb1 a5 13.Be3 Qc7 14.Nd2 Bd7 15.Bf1 Reb8
16.dxc6 bxc6 17.Bxc5 dxc5 18.Na4 Bf8 19.Nb3 Qa7 20.Qf3 Nh5 21.Qe3 Be8 22.Nbxc5 Rd8
23.Rbd1 Ng7  1/2-1/2

[Event "Hoogovens"]
[Site "Wijk aan Zee"]
[Date "1971.??.??"]
[Round "13"]
[White "Ree, Hans"]
[Black "Van den Berg, Carel Benjamin"]
[Result "1-0"]
[WhiteElo "2420"]
[BlackElo "2450"]

1.c4 Nf6 2.Nf3 c5 3.Nc3 Nc6 4.d4 cxd4 5.Nxd4 e6 6.g3 Qb6 7.Nb3 Ne5 8.e4 Bb4
9.Qe2 Bxc3+ 10.bxc3 d6 11.f4 Ng6 12.Bg2 O-O 13.Be3 Qa6 14.c5 Qxe2+ 15.Kxe2 dxc5
16.e5 Nd5 17.Bxc5 Re8 18.c4 Nb6 19.Na5 Bd7 20.Bd6  1-0

[Event "Hoogovens"]
[Site "Wijk aan Zee"]
[Date "1971.??.??"]
[Round "13"]
[White "Kuijpers, Franciscus Antonius"]
[Black "Gligoric, Svetozar"]
[Result "1/2-1/2"]
[WhiteElo "2420"]
[BlackElo "2600"]

1.e4 c5 2.Nf3 d6 3.d4 cxd4 4.Nxd4 Nf6 5.Nc3 a6 6.f4 Qc7 7.Bd3 g6 8.a4 Bg7
9.Nf3 Nc6 10.O-O O-O 11.Qe1 Nb4 12.Qh4 Qc5+ 13.Kh1 Qh5 14.Qxh5 Nxh5 15.Be3 Bh6
16.Nd2 e5 17.g3 Bh3 18.Rf3 Bg4 19.Rf2 Be6 20.Re1 exf4 21.gxf4 f5 22.Bc4 Rae8
23.exf5 gxf5 24.Bc5 dxc5 25.Rxe6 Rxe6 26.Bxe6+ Kh8 27.Nf1 Nxf4 28.Bd7 Rf7
29.Bc8 Nc6 30.Ng3 Nd4 31.Nd1 Nh3 32.Rf1  1/2-1/2

[Event "Hoogovens"]
[Site "Wijk aan Zee"]
[Date "1971.??.??"]
[Round "13"]
[White "Olafsson, Fridrik"]
[Black "Najdorf, Miguel"]
[Result "1/2-1/2"]
[WhiteElo "2570"]
[BlackElo "2560"]

1.Nf3 Nf6 2.g3 g6 3.b3 Bg7 4.Bb2 O-O 5.Bg2 d6 6.d4 Nbd7 7.O-O e5 8.dxe5 Ng4
9.Na3 dxe5 10.h3 Nh6 11.e4 f6 12.Nc4 Nb6 13.Qxd8 Rxd8 14.Na5 Bf8 15.a3 Nf7
16.Rfd1 Re8 17.Ne1 Rb8 18.Nd3 Nd7 19.Bc1 Nc5 20.Be3  1/2-1/2

[Event "Hoogovens"]
[Site "Wijk aan Zee"]
[Date "1971.??.??"]
[Round "14"]
[White "Gligoric, Svetozar"]
[Black "Ivkov, Borislav"]
[Result "1/2-1/2"]
[WhiteElo "2600"]
[BlackElo "2570"]

1.d4 e6 2.c4 Bb4+ 3.Bd2 Qe7 4.e4 Nf6 5.e5 Ne4 6.Nf3 Nxd2 7.Nbxd2 c5 8.a3 Bxd2+
9.Qxd2 cxd4 10.Qxd4 Nc6 11.Qe3 b6  1/2-1/2

[Event "Hoogovens"]
[Site "Wijk aan Zee"]
[Date "1971.??.??"]
[Round "14"]
[White "Lengyel, Levente"]
[Black "Langeweg, Kick"]
[Result "1/2-1/2"]
[WhiteElo "2490"]
[BlackElo "2400"]

1.c4 Nf6 2.Nc3 e6 3.Nf3 Bb4 4.Qc2 c5 5.a3 Ba5 6.g3 Nc6 7.Bg2 O-O 8.O-O d6
9.Rb1 Bxc3 10.bxc3 Qc7 11.d3 Bd7 12.e4 Rac8 13.Nh4 Ne8 14.f4 f5 15.exf5 exf5
16.Bd5+ Kh8 17.Qg2 g6 18.Rb2 Nf6 19.Re2 Rce8 20.Bf3 Rxe2 21.Qxe2 Re8 22.Qc2 Ne7  1/2-1/2

[Event "Hoogovens"]
[Site "Wijk aan Zee"]
[Date "1971.??.??"]
[Round "14"]
[White "Mecking, Henrique"]
[Black "Olafsson, Fridrik"]
[Result "1/2-1/2"]
[WhiteElo "2550"]
[BlackElo "2570"]

1.d4 Nf6 2.c4 e6 3.Nc3 Bb4 4.e3 c5 5.Bd3 Nc6 6.Nf3 Bxc3+ 7.bxc3 d6 8.e4 e5
9.d5 Ne7 10.g3 h6 11.h4 Bg4 12.Qa4+ Bd7 13.Qb3 Qc7 14.Ng1 Nh5  1/2-1/2